Prénoms garçons 1996 - Statistiques

Statistiques générales
  • Ce quiz a été pris 148 fois
  • Le résultat moyen est 56 sur 100
Statistiques - réponses
Hint Lettre Prénoms % Correct
5 Q Quentin
94%
59 J Jean
88%
11 J Julien
88%
34 P Paul
86%
1 T Thomas
86%
14 P Pierre
85%
7 A Antoine
84%
8 K Kevin
84%
23 T Théo
84%
89 A Alex
83%
74 J Jules
81%
2 A Alexandre
77%
30 L Louis
77%
4 N Nicolas
77%
13 V Valentin
77%
21 M Mathieu
76%
25 B Baptiste
75%
73 L Léo
75%
27 D Damien
74%
3 M Maxime
74%
33 D David
73%
52 C Charles
72%
40 V Victor
70%
10 A Alexis
69%
42 H Hugo
69%
64 T Tom
69%
77 O Olivier
67%
16 R Romain
66%
71 W William
66%
37 A Arthur
65%
17 B Benjamin
65%
67 F François
65%
87 J/B Jean Baptiste
65%
19 L Lucas
65%
92 M Marc
65%
63 N Nathan
65%
56 Y Yann
65%
22 A Adrien
64%
12 A Anthony
64%
70 G Gabriel
64%
18 G Guillaume
64%
20 J Jeremy
63%
15 C Clément
62%
62 F Fabien
61%
53 S Sebastien
61%
35 B Bastien
60%
9 F Florian
60%
45 V Vincent
60%
93 C Christophe
57%
69 M Martin
57%
43 R Raphaël
57%
28 S Simon
55%
47 B Benoît
54%
29 T Thibault
54%
41 A Arnaud
53%
38 A Aurélien
53%
36 R Rémi
53%
58 S Samuel
53%
91 S Stéphane
53%
26 A Axel
52%
24 C Corentin
51%
51 F Florent
51%
86 J Jérôme
51%
32 J Jonathan
51%
60 M Maxence
51%
31 M Matthieu
50%
80 G Grégory
47%
6 D Dylan
45%
50 J Jordan
45%
98 M Mathias
45%
39 M Mickaël
45%
76 T Tristan
45%
94 Y Yanis
45%
55 C Cédric
43%
66 E Etienne
43%
99 M Mohamed
43%
72 S Sylvain
42%
54 D Dorian
41%
57 L Loïc
40%
84 R Rémy
40%
88 Y Yoann
39%
81 E Enzo
37%
61 L Ludovic
37%
65 R Robin
36%
49 B Bryan
34%
68 D Dimitri
34%
48 G Gaëtan
34%
90 C Cyril
30%
44 C Christopher
26%
46 S Steven
26%
83 J Jason
25%
85 M Morgan
25%
79 T Thibaut
25%
82 T Tony
25%
96 E Erwan
23%
78 J Jimmy
21%
75 M Mehdi
20%
95 T Tanguy
18%
97 B Brandon
17%
100 A Aymeric
15%
Aucun quiz correspondant
Distribution des résultats
% des personnes avec chaque résultat
Percentile par nombre de réponses
Votre historique - résultats
Vous n’avez pas pris ce quiz